| 000 | 01370nac a22003617a 4500 | ||
|---|---|---|---|
| 001 | BR8402354 | ||
| 003 | BR-BrBNA | ||
| 005 | 20240105120017.0 | ||
| 008 | 230509b bl.|||m| |||| 00| 0 por d | ||
| 040 |
_aBR-BrBNA _bpor _cBiblioteca Nacional de Agricultura |
||
| 072 | _aF10; F00 | ||
| 090 | _aF10 BR8402354 | ||
| 100 | 1 | _aMota, F.S. da | |
| 100 | 1 | _aBerny, Z.B. | |
| 100 | 1 | _aAgendes, M.O. de O. | |
| 110 | 1 |
_aUnidade de Execucao de Pesquisa de Ambito Estadual de Pelotas, RS (Brasil) _910370 |
|
| 245 | 1 | _aPerspectivas climaticas da agricultura ate o ano 2000 no Sul do Brasil sob uma provavel acao do efeito estufa | |
| 246 | 1 | _aClimate perspectives of south brazilian agriculture to the year 2000 under a possible action of the greenhouse effect | |
| 260 | 3 |
_aBrasilia, DF (Brasil): _bEmpresa Brasileira de Pesquisa Agropecuaria. Depto. de Difusao de Tecnologia, _c1984. |
|
| 300 | _a70 p. | ||
| 490 |
_aDocumentos - Unidade de Execucao de Pesquisa de Ambito Estadual de Pelotas (Brazil) _vno. 11 _x |
||
| 500 | _a24 graphs; 10 tables; Summaries (En, Pt); 39 ref. | ||
| 650 | _aCLIMA | ||
| 650 | _aCLIMATOLOGIA | ||
| 650 | _aTEMPERATURA | ||
| 650 | _aMEIO AMBIENTE | ||
| 650 | _aESTUFA | ||
| 650 | _aLAVOURA | ||
| 650 | _aRENDIMENTO | ||
| 650 | _aREGIAO SUL | ||
| 909 |
_a202312 _bLúcia Elande _c55 _dLúcia Elande |
||
| 942 |
_2AGRIS _n0 _cMS |
||
| 999 |
_c277502 _d277502 |
||